000 00630nam a2200193Ii 4500
003 JO-AjNU
008 230605s9999||||xx |||||||||||||| ||und||
040 _aJO-AjNU
_bara
_erda
_cJO-AjNU
041 _aara
050 1 4 _aQC173.98.H612
100 3 _aهوفمان، بانيش ، م .مشارك احمد مستجير ,
_eauthor
_939421
245 0 0 _aقصة الكم المثيرة
264 3 1 _aالقاهرة:دار الهيئه المصريه ، 1900
300 _a208ص
336 _atext
_btxt
_2rdacontent
337 _aunmediated
_bn
_2rdamedia
338 _avolume
_bnc
_2rdacarrier
650 4 _aالكترون
_939422
999 _aA16647
_c20215
_d20215